00723nam a22002177a 4500003000500000005001700005008004100022010001000063011001000073035001000083040000900093082001800102100002800120245010200148260009600250300001100346490004900357650002900406650002100435830004900456CHAP20220329140805.0971013s1967 r 00010 d a57657 a58629 a62784 cCHAP a634.9016bS8300aStanley, Robert G.eed. aTheses in forestry and related subjects, accepted at the University of Florida through JUne, 1966 aGainesville, Fla. :bInstitute of Food and Agricultural Sciences. School of Forestry,c1967 a194 p. aSchool of Forestry Miscellaneous Publication14aBosquesxBibliografía.14aTesisxSumarios.0 aSchool of Forestry Miscellaneous Publication